<?xml version="1.0" encoding="UTF-8"?><collection xmlns="info:lc/xmlns/marcxchange-v2"><record format="Unimarc" type="bibliographic"><leader>00692cam  2200229   450 </leader><controlfield tag="001">1947906</controlfield><controlfield tag="003">http://id.bnportugal.gov.pt/bib/porbase/1947906</controlfield><controlfield tag="005">20030507165200.0</controlfield><datafield ind1=" " ind2=" " tag="010"><subfield code="a">0-12-199240-3</subfield></datafield><datafield ind1=" " ind2=" " tag="035"><subfield code="3">13640</subfield></datafield><datafield ind1=" " ind2=" " tag="095"><subfield code="a">PTBN00329049</subfield></datafield><datafield ind1=" " ind2=" " tag="100"><subfield code="a">19890919d1988    k  y0pora0103    ba</subfield></datafield><datafield ind1="0" ind2=" " tag="101"><subfield code="a">eng</subfield></datafield><datafield ind1=" " ind2=" " tag="102"><subfield code="a">US</subfield></datafield><datafield ind1="1" ind2=" " tag="200"><subfield code="a">Formal syntax</subfield></datafield><datafield ind1=" " ind2=" " tag="210"><subfield code="a">Orlando</subfield><subfield code="c">Academic Press</subfield><subfield code="d">print. 1988</subfield></datafield><datafield ind1=" " ind2=" " tag="215"><subfield code="a">XII, 500 p.</subfield></datafield><datafield ind1=" " ind2=" " tag="675"><subfield code="a">801</subfield><subfield code="v">med</subfield><subfield code="z">fre</subfield><subfield code="3">290703</subfield></datafield><datafield ind1=" " ind2="1" tag="702"><subfield code="a">Culicover</subfield><subfield code="b">Peter W.</subfield><subfield code="4">340</subfield><subfield code="3">1522186</subfield></datafield><datafield ind1=" " ind2="1" tag="702"><subfield code="a">Wason</subfield><subfield code="b">Thomas</subfield><subfield code="4">340</subfield><subfield code="3">1522187</subfield></datafield><datafield ind1=" " ind2="1" tag="702"><subfield code="a">Akmajian</subfield><subfield code="b">Adrian</subfield><subfield code="4">340</subfield><subfield code="3">240400</subfield></datafield><datafield ind1="1" ind2="2" tag="710"><subfield code="a">MSSB Irvine Conference on the Formal Syntax of Natural Language</subfield><subfield code="e">Newpor Beach</subfield><subfield code="f">1976</subfield><subfield code="3">466928</subfield></datafield><datafield ind1=" " ind2="0" tag="801"><subfield code="a">PT</subfield><subfield code="b">BN</subfield><subfield code="g">RPC</subfield></datafield><datafield ind1=" " ind2=" " tag="977"><subfield code="1">801 C974f</subfield><subfield code="2">coop</subfield><subfield code="4">UACSD</subfield><subfield code="6">mq480418</subfield><subfield code="7">bc</subfield><subfield code="8">coop</subfield><subfield code="9">UACSD</subfield><subfield code="b">54595</subfield><subfield code="k">0</subfield></datafield></record></collection>